Thermoplastic elastomers from rubber-plastic blends /

Guardado en:
Otros Autores: De, S. K., 1941-, (Editor , ed.), Bhowmick, Anil K., 1954-, (Editor , ed.)
Formato: Libro
Idioma:English
Publicado: New York : Ellis Horwood, 1990.
Series:Ellis Horwood series in polymer science and technology
Materias:
Etiquetas: Agregar Etiqueta
Sin Etiquetas, Sea el primero en etiquetar este registro!
LEADER 00913pam a22002535a 4500
001 EIQ.libpla003603
008 900713s1990####nyua#####b####001#0#eng#d
005 20080218185935.0
245 0 0 |a Thermoplastic elastomers from rubber-plastic blends /  |c editors, S.K. De, Anil K. Bhowmick. 
260 |a New York :  |b Ellis Horwood,  |c 1990. 
300 |a 268 p. :  |b il. ;  |c 25 cm. 
440 0 |a Ellis Horwood series in polymer science and technology 
504 |a Incluye referencias bibliográficas e índice. 
020 |a 0139149619 
700 1 |a De, S. K.,  |d 1941-,  |e ed.  |4 edt 
700 1 |a Bhowmick, Anil K.,  |d 1954-,  |e ed.  |4 edt 
082 0 0 |a 678/.7  |2 20 
650 4 |a Polímeros  |x Elastómeros. 
650 4 |a Polímeros  |x Termoplásticos. 
650 4 |a Polymers  |x Elastomers. 
650 4 |a Polymers  |x Thermoplastics. 
010 |a  90044153  
040 |a DLC  |c DLC  |d AR-BbSID 
859 |a AR-BbSID  |b BIB. PLAPIQUI  |h 668.423  |i T 343  |p 4138